000 00543nam a22001937a 4500
003 OSt
005 20240215141946.0
008 170515t xxu||||| |||| 00| 0 eng d
020 _a9781864700039
040 _c0
082 _a746.92092
_bYEO
100 1 _aTeng,Yeohlee.
_9120575
245 1 0 _aYeohlee :
_bwork/
_cYeohlee Teng.
260 _aVictoria;
_bImages Publishing,
_c2003.
300 _a224 p.:
_bill;
_c30 cm.
651 _aCostume design
_9120576
651 _aFashion designers
_9120577
942 _2ddc
_cBK
_aSADA
_k746.92092 YEO 2003
999 _c607783
_d607783